Competidores FMS Internacional Temporada 1 - Estadísticas

Estadísticas generales
  • Esta prueba ha sido intentada 237 veces
  • La puntuación promedio es 14 de 16
Estadísticas de respuestas
Pais Respuesta % Correcto
España Chuty
100%
México Aczino
99%
España Skone
97%
Chile Teorema
97%
Argentina Papo
95%
España Bnet
94%
Chile Nitro
94%
Chile El Menor
88%
México Rapder
88%
España Blon
87%
España Errecé
84%
México Rc
79%
Argentina Cacha
78%
España Walls
75%
México Zticma
74%
Chile Acertijo
70%
No se encontraron pruebas coincidentes
Distribución de puntuación
Porcentaje de gente con cada puntuación
Porcentaje por número respondido
Historial de tus puntuaciones
No has intentado esta prueba.